<?xml version='1.0' encoding='UTF-8'?>
  <record xmlns="http://www.loc.gov/MARC21/slim">
    <leader>00000cam a2200000Mi 4500</leader>
    <controlfield tag="001">ocn974063682</controlfield>
    <controlfield tag="003">OCoLC</controlfield>
    <controlfield tag="005">20251028005958.6</controlfield>
    <controlfield tag="008">991018s1717    ne            000 0 dut d</controlfield>
    <datafield tag="040" ind1=" " ind2=" ">
      <subfield code="a">QGJ</subfield>
      <subfield code="b">dut</subfield>
      <subfield code="c">QGJ</subfield>
      <subfield code="d">OCLCA</subfield>
      <subfield code="d">OCLCO</subfield>
      <subfield code="d">OCLCL</subfield>
      <subfield code="d">OCLCA</subfield>
    </datafield>
    <datafield tag="026" ind1=" " ind2=" ">
      <subfield code="e">171708 - a1=a2 *3$pr - b1 A i : b2 D5 st$gi</subfield>
      <subfield code="2">stcnf</subfield>
    </datafield>
    <datafield tag="035" ind1=" " ind2=" ">
      <subfield code="a">(OCoLC)974063682</subfield>
    </datafield>
    <datafield tag="100" ind1="1" ind2=" ">
      <subfield code="a">Ryndorp, J. van,</subfield>
      <subfield code="d">1663-1720.</subfield>
    </datafield>
    <datafield tag="245" ind1="0" ind2="3">
      <subfield code="a">De geschaakte bruid, of verliefde reizigers. :</subfield>
      <subfield code="b">blyspel.</subfield>
    </datafield>
    <datafield tag="250" ind1=" " ind2=" ">
      <subfield code="a">Deeze Twéde Druk /</subfield>
      <subfield code="b">op nieuws naauwkeurig verschikt en veel verb.</subfield>
    </datafield>
    <datafield tag="264" ind1=" " ind2="1">
      <subfield code="a">Te Amsterdam, :</subfield>
      <subfield code="b">Gedrukt voor het Kunstgenootschap, en te bekomen by de Erven van J. Lescailje enz.,</subfield>
      <subfield code="c">1717.</subfield>
    </datafield>
    <datafield tag="300" ind1=" " ind2=" ">
      <subfield code="a">[8], 61, [3] p. :</subfield>
      <subfield code="b">titelgravure, titelvignet ;</subfield>
      <subfield code="c">in-8 (17 cm)</subfield>
    </datafield>
    <datafield tag="336" ind1=" " ind2=" ">
      <subfield code="a">tekst</subfield>
      <subfield code="b">txt</subfield>
      <subfield code="2">rdacontent/dut</subfield>
    </datafield>
    <datafield tag="337" ind1=" " ind2=" ">
      <subfield code="a">zonder medium</subfield>
      <subfield code="b">n</subfield>
      <subfield code="2">rdamedia/dut</subfield>
    </datafield>
    <datafield tag="338" ind1=" " ind2=" ">
      <subfield code="a">band</subfield>
      <subfield code="b">nc</subfield>
      <subfield code="2">rdacarrier/dut</subfield>
    </datafield>
    <datafield tag="500" ind1=" " ind2=" ">
      <subfield code="a">Auteur is Jacob van Rijndorp.</subfield>
    </datafield>
    <datafield tag="500" ind1=" " ind2=" ">
      <subfield code="a">Bewerking van: Les carosses d'Orleans, door Jean de la Chapelle.</subfield>
    </datafield>
    <datafield tag="500" ind1=" " ind2=" ">
      <subfield code="a">Illustraties: (diepdruk / intaglio printing).</subfield>
    </datafield>
    <datafield tag="500" ind1=" " ind2=" ">
      <subfield code="a">Collatieformule: *⁴ A-D⁸.</subfield>
    </datafield>
    <datafield tag="510" ind1="4" ind2=" ">
      <subfield code="a">Short title catalogue Netherlands,</subfield>
      <subfield code="c">168159201</subfield>
    </datafield>
    <datafield tag="510" ind1="4" ind2=" ">
      <subfield code="a">Dongelmans,</subfield>
      <subfield code="c">52</subfield>
    </datafield>
    <datafield tag="562" ind1=" " ind2=" ">
      <subfield code="a">Aan ex. Te Winkel 896 ontbreekt ill.</subfield>
      <subfield code="5">NL-UtRU</subfield>
    </datafield>
    <datafield tag="562" ind1=" " ind2=" ">
      <subfield code="a">Binding note: EAZ 355 dl 2.</subfield>
      <subfield code="5">NL-UtRU</subfield>
    </datafield>
    <datafield tag="700" ind1="1" ind2=" ">
      <subfield code="a">La Chapelle, Jean de,</subfield>
      <subfield code="d">1655-1723.</subfield>
      <subfield code="1">https://id.oclc.org/worldcat/entity/E39PBJmdpqRg3JgK9gPMRgTWDq</subfield>
    </datafield>
    <datafield tag="700" ind1="1" ind2=" ">
      <subfield code="a">Lairesse, G.,</subfield>
      <subfield code="e">engraver.</subfield>
      <subfield code="4">egr</subfield>
    </datafield>
    <datafield tag="700" ind1="1" ind2=" ">
      <subfield code="a">Beaumont, Simon van,</subfield>
      <subfield code="e">licensor.</subfield>
      <subfield code="4">lso</subfield>
    </datafield>
    <datafield tag="700" ind1="1" ind2=" ">
      <subfield code="a">Heinsius, A.,</subfield>
      <subfield code="e">licensor.</subfield>
      <subfield code="4">lso</subfield>
    </datafield>
    <datafield tag="710" ind1="0" ind2=" ">
      <subfield code="a">Lescailje, Jacob (erven, Amsterdam)</subfield>
      <subfield code="4">prt</subfield>
      <subfield code="0">(NL-LeOCL)077132939</subfield>
    </datafield>
    <datafield tag="710" ind1="0" ind2=" ">
      <subfield code="a">Rank, Dirk (Amsterdam)</subfield>
      <subfield code="4">prt</subfield>
      <subfield code="0">(NL-LeOCL)077132920</subfield>
    </datafield>
    <datafield tag="710" ind1="2" ind2=" ">
      <subfield code="a">Staaten van Holland ende Westvriesland.</subfield>
      <subfield code="4">cns</subfield>
    </datafield>
    <datafield tag="758" ind1=" " ind2=" ">
      <subfield code="a">De geschaakte bruid, of de verliefde reizigers (Text)</subfield>
      <subfield code="1">https://id.oclc.org/worldcat/entity/E39PCFP4bP99KwMBGxcmMTtKbd</subfield>
      <subfield code="4">https://id.oclc.org/worldcat/ontology/hasWork</subfield>
    </datafield>
  </record>